[Event "XII Weekend B"]
[Site "Ceriano Laghetto ITA"]
[Date "2003.02.01"]
[Round "4"]
[White "Ronconi, Fausto"]
[Black "Epitome, Nando"]
[Result "1-0"]
[WhiteElo "1600"]
[BlackElo "1663"]
[PlyCount "33"]
[EventDate "2003.01.25"]

1. d4 d5 2. c4 e6 3. Nc3 Nf6 4. Bg5 Be7 5. e3 Nbd7 6. Nf3 b6 7. Rc1 Bb7 8. cxd5
Nxd5 9. Bxe7 Nxe7 10. Nb5 Bc6 11. Qc2 a6 12. Nc3 Nf6 13. Ne5 Bb7 14. Bd3 Rc8
15. Ne4 Nfd5 16. Ng5 O-O 17. Bxh7+ 1-0

[Event "XII Weekend B"]
[Site "Ceriano Laghetto ITA"]
[Date "2003.02.01"]
[Round "4"]
[White "Sala, Pierluigi"]
[Black "Della Rocca, Luigi"]
[Result "0-1"]
[WhiteElo "1428"]
[BlackElo "1687"]
[PlyCount "50"]
[EventDate "2003.01.25"]

1. d4 Nf6 2. Nf3 g6 3. g3 d5 4. Bg2 Bg7 5. O-O O-O 6. Re1 Nbd7 7. c3 Re8 8. Bg5
Ne4 9. Nbd2 Nxg5 10. Nxg5 e5 11. Nh3 exd4 12. cxd4 Bxd4 13. Bxd5 Nb6 14. Bg2
Bxb2 15. Rb1 Bc3 16. Nb3 Bxe1 17. Qxe1 Qe7 18. e3 c6 19. Nf4 Bf5 20. Rc1 Be4
21. Bf1 Nd5 22. Ng2 Bxg2 23. Bxg2 Qb4 24. Qe2 Rad8 25. Nd4 Qxd4 0-1

[Event "XII Weekend B"]
[Site "Ceriano Laghetto ITA"]
[Date "2003.02.01"]
[Round "4"]
[White "Schingaro, Angelo"]
[Black "Brioschi, Camillo"]
[Result "0-1"]
[WhiteElo "1645"]
[BlackElo "1714"]
[PlyCount "54"]
[EventDate "2003.01.25"]

1. c4 g6 2. Nc3 c5 3. g3 Bg7 4. Bg2 Nc6 5. Nf3 e6 6. e4 Nge7 7. O-O d5 8. cxd5
exd5 9. d3 d4 10. Nb5 a6 11. Na3 O-O 12. Bf4 Be6 13. b3 h6 14. Qc1 g5 15. Bd2
Rc8 16. h4 g4 17. Ne1 Kh7 18. Nc4 b5 19. Nb2 Ne5 20. Kh2 c4 21. bxc4 bxc4 22.
dxc4 Nxc4 23. Nxc4 Bxc4 24. Rg1 d3 25. Bc3 Bb5 26. e5 Bxe5 27. Be4+ f5 0-1

[Event "XII Weekend B"]
[Site "Ceriano Laghetto ITA"]
[Date "2003.02.01"]
[Round "4"]
[White "Squillante, Michele"]
[Black "Rinaldo, Luigi"]
[Result "1-0"]
[WhiteElo "1717"]
[BlackElo "1479"]
[PlyCount "117"]
[EventDate "2003.01.25"]

1. d4 d5 2. Nf3 Nf6 3. Bg5 e6 4. Nbd2 Be7 5. e3 a6 6. Bd3 b5 7. O-O Bb7 8. c3
Ne4 9. Bxe7 Qxe7 10. Ne5 Nd7 11. f4 Ndf6 12. Qc2 Rc8 13. a4 c6 14. Nxe4 Nxe4
15. Bxe4 dxe4 16. Qxe4 f5 17. Qd3 O-O 18. Rfc1 Rcd8 19. Qe2 Rf6 20. axb5 cxb5
21. c4 b4 22. c5 Qc7 23. Qc4 a5 24. Qb5 Ra8 25. Qd7 Qb8 26. Qe7 Bd5 27. c6 Qc8
28. Qd7 Rf8 29. Rc5 Qxd7 30. Nxd7 Rf7 31. Nb6 Raa7 32. Nxd5 exd5 33. Raxa5 Rac7
34. Rab5 Rf6 35. Rb8+ Rf8 36. Rxb4 Re8 37. Kf2 Kf7 38. Rb7 Rxb7 39. cxb7 Rb8
40. Rxd5 Rxb7 41. Rxf5+ Ke6 42. Rc5 Rxb2+ 43. Kf3 g6 44. h4 h5 45. Rg5 Kf6 46.
Ke4 Rd2 47. Kd5 Ra2 48. e4 Ra6 49. Kc5 Ra5+ 50. Kb4 Ra2 51. e5+ Kf7 52. d5 Rf2
53. g3 Rb2+ 54. Kc3 Ra2 55. d6 Ke6 56. Rxg6+ Kd5 57. d7 Ra3+ 58. Kb4 Ra8 59.
Rd6+ 1-0

[Event "XII Weekend B"]
[Site "Ceriano Laghetto ITA"]
[Date "2003.02.01"]
[Round "4"]
[White "Tosetto, Flavio"]
[Black "Loi, Alberto"]
[Result "0-1"]
[WhiteElo "1534"]
[BlackElo "1480"]
[PlyCount "53"]
[EventDate "2003.01.25"]

1. e4 g6 2. d4 Bg7 3. Nf3 c5 4. Bc4 d6 5. O-O Bg4 6. Bxf7+ Kxf7 7. Ng5+ Ke8 8.
Qxg4 Nh6 9. Qh3 Qd7 10. Qxd7+ Nxd7 11. Ne6 Kf7 12. d5 Ng4 13. Nxg7 Kxg7 14. b4
cxb4 15. Bb2+ Ngf6 16. f4 Rhf8 17. e5 Nxd5 18. exd6+ Kg8 19. dxe7 Rxf4 20. Rxf4
Nxf4 21. Nd2 Re8 22. a3 Rxe7 23. axb4 Re2 24. Bc1 Rxg2+ 25. Kh1 a6 26. Ne4 Re2
27. Ng3 0-1

[Event "XII Weekend B"]
[Site "Ceriano Laghetto ITA"]
[Date "2003.02.01"]
[Round "4"]
[White "Valsecchi, Luca"]
[Black "Negri, Sergio"]
[Result "0-1"]
[WhiteElo "1449"]
[BlackElo "1531"]
[PlyCount "92"]
[EventDate "2003.01.25"]

1. d4 Nf6 2. c4 g6 3. Nc3 Bg7 4. e4 d6 5. f3 O-O 6. Be3 e5 7. Bd3 Nc6 8. Nge2
Nb4 9. O-O Nxd3 10. Qxd3 Nh5 11. dxe5 Bxe5 12. f4 Bg7 13. Bd4 Nf6 14. Rad1 Re8
15. e5 Bf5 16. Qd2 dxe5 17. Bxe5 Qe7 18. Ng3 Bg4 19. Rde1 Rad8 20. Bxf6 Qc5+
21. Bd4 Bxd4+ 22. Kh1 Qxc4 23. Rxe8+ Rxe8 24. h3 Bd7 25. Rd1 c5 26. Nge2 Bxc3
27. Nxc3 Bc6 28. Qf2 Qe6 29. Kg1 Qc4 30. f5 b5 31. fxg6 fxg6 32. Rd6 Rf8 33.
Rf6 Rxf6 34. Qxf6 Qd4+ 35. Qf2 Qxf2+ 36. Kxf2 Kf7 37. Ke3 b4 38. Ne4 Bxe4 39.
Kxe4 Ke6 40. g4 g5 41. a4 a5 42. b3 h6 43. Ke3 Ke5 44. Kd3 Kd5 45. Ke3 c4 46.
bxc4+ Kxc4 0-1

[Event "XII Weekend B"]
[Site "Ceriano Laghetto ITA"]
[Date "2003.02.01"]
[Round "4"]
[White "Versari, Marino"]
[Black "Viale, Fabio"]
[Result "0-1"]
[WhiteElo "1530"]
[BlackElo "1485"]
[PlyCount "92"]
[EventDate "2003.01.25"]

1. d4 Nf6 2. c4 e6 3. Nf3 b6 4. g3 Bb7 5. Bg2 Bb4+ 6. Bd2 Qe7 7. a3 Bxd2+ 8.
Nbxd2 O-O 9. O-O d6 10. Re1 c5 11. e3 Ne4 12. b4 Nd7 13. Qc2 f5 14. Nh4 Ndf6
15. Nxe4 Nxe4 16. f3 Nf6 17. f4 Bxg2 18. Nxg2 Ne4 19. Rad1 Rad8 20. d5 e5 21.
Rd3 Rf7 22. Nh4 Qf6 23. Rf1 Qh6 24. Nf3 exf4 25. exf4 Qg6 26. Kg2 Re7 27. Re3
Rde8 28. Rfe1 h5 29. Ng5 Kf8 30. Kf3 Nxg5+ 31. fxg5 Rxe3+ 32. Rxe3 Rxe3+ 33.
Kxe3 Qxg5+ 34. Kf2 g6 35. Qe2 Qe7 36. Qd2 Kg7 37. Kg2 Qe4+ 38. Kh3 Qxc4 39.
bxc5 Qxc5 40. Kh4 Qxa3 41. Qd4+ Kf7 42. Kg5 Qc1+ 43. Kh4 Qc5 44. Qd2 Qc4+ 45.
Kg5 Qg4+ 46. Kh6 h4 0-1

[Event "XII Weekend B"]
[Site "Ceriano Laghetto ITA"]
[Date "2003.02.01"]
[Round "4"]
[White "Virzi, Ettore"]
[Black "Bertamini, Alberto"]
[Result "1-0"]
[WhiteElo "1675"]
[BlackElo "1444"]
[PlyCount "81"]
[EventDate "2003.01.25"]

1. e4 c5 2. Nf3 e6 3. d4 cxd4 4. Nxd4 Nf6 5. Bd3 Qb6 6. Nb3 Nc6 7. Be3 Qc7 8.
f4 d6 9. Nc3 a6 10. Qf3 b5 11. a4 b4 12. Ne2 Bb7 13. a5 Nd7 14. Ned4 Nc5 15.
Nxc5 dxc5 16. Nxc6 Bxc6 17. O-O Be7 18. Qe2 Qb7 19. Bd2 Qa7 20. Kh1 h5 21. f5
e5 22. b3 Qb7 23. Rfe1 Bh4 24. g3 Be7 25. h4 Kd7 26. Bc4 Bb5 27. Bc1 Bxc4 28.
Qxc4 Raf8 29. Bb2 Bd6 30. Red1 Kc7 31. Rd5 f6 32. Kh2 Rhg8 33. Rad1 Rd8 34.
Rxd6 Rxd6 35. Qf7+ Kc6 36. Rxd6+ Kxd6 37. Qxb7 Rd8 38. Qxa6+ Ke7 39. Qe6+ Kf8
40. a6 Rd2+ 41. Kh3 1-0

[Event "XII Weekend B"]
[Site "Ceriano Laghetto ITA"]
[Date "2003.02.02"]
[Round "5"]
[White "Abbura', Davide"]
[Black "Perotti, Davide"]
[Result "0-1"]
[WhiteElo "1564"]
[BlackElo "1719"]
[PlyCount "80"]
[EventDate "2003.01.25"]

1. e4 e5 2. Nf3 Nc6 3. Bb5 a6 4. Ba4 Nf6 5. d3 Be7 6. Bxc6 dxc6 7. Nxe5 O-O 8.
O-O Re8 9. h3 Be6 10. Be3 Qd6 11. Nf3 Qb4 12. b3 Rad8 13. c3 Qb5 14. Nd4 Qh5
15. Qxh5 Nxh5 16. Nxe6 fxe6 17. d4 Nf6 18. f3 Bf8 19. Nd2 b5 20. b4 h6 21. Nb3
e5 22. Rad1 Nd7 23. Na5 exd4 24. Bxd4 c5 25. Be3 Nb6 26. a3 Na4 27. Nb7 Rxd1
28. Rxd1 Nxc3 29. Rd7 cxb4 30. axb4 Bxb4 31. Rxc7 Re7 32. Rc8+ Kh7 33. Nc5 a5
34. Na6 Rd7 35. Nxb4 axb4 36. Bc5 b3 37. Ba3 Rd1+ 38. Kh2 Na4 39. Rb8 Ra1 40.
Bd6 b2 0-1

[Event "XII Weekend B"]
[Site "Ceriano Laghetto ITA"]
[Date "2003.02.02"]
[Round "5"]
[White "Bernasconi, Roberto"]
[Black "Pepa, Yezdin Dino"]
[Result "1/2-1/2"]
[WhiteElo "1753"]
[BlackElo "1600"]
[PlyCount "88"]
[EventDate "2003.01.25"]

1. e4 e5 2. Nf3 Nc6 3. Nc3 Bc5 4. Bc4 Nge7 5. O-O O-O 6. Na4 Bb6 7. Nxb6 axb6
8. a3 d6 9. h3 h6 10. d4 exd4 11. Nxd4 Ne5 12. Ba2 Bd7 13. f4 N5c6 14. f5 Nxd4
15. Qxd4 Nc6 16. Qc3 Qh4 17. Rf4 Qh5 18. Bd2 Rac8 19. Re1 Ne5 20. Qg3 Qg5 21.
Qxg5 hxg5 22. Rff1 g4 23. hxg4 Nxg4 24. Rf4 Ne5 25. Rh4 Rfe8 26. Kf2 Kf8 27.
Bg5 f6 28. Bd2 Nf7 29. g4 Bc6 30. Bxf7 Kxf7 31. g5 fxg5 32. Bxg5 Rh8 33. e5
Rxh4 34. Bxh4 dxe5 35. Rxe5 Re8 36. Rxe8 Kxe8 37. Ke3 Bd7 38. Kf4 Kf7 39. Bd8
b5 40. Bxc7 g6 41. fxg6+ Kxg6 42. Ke5 Kf7 43. Kd5 Ke7 44. Kc5 Bc6 1/2-1/2

[Event "XII Weekend B"]
[Site "Ceriano Laghetto ITA"]
[Date "2003.02.02"]
[Round "5"]
[White "Bertamini, Alberto"]
[Black "Longo, Giovanni"]
[Result "1-0"]
[WhiteElo "1444"]
[BlackElo "1645"]
[PlyCount "57"]
[EventDate "2003.01.25"]

1. d4 d5 2. c4 e6 3. Nc3 Nf6 4. Bf4 Bd6 5. Bg5 Be7 6. e3 O-O 7. Qc2 c6 8. Bd3
Nbd7 9. Nf3 b6 10. Ne5 Nxe5 11. dxe5 Ng4 12. Bxe7 Qxe7 13. Bxh7+ Kh8 14. h4 f5
15. Bg6 Nxe5 16. h5 Qf6 17. Qe2 Kg8 18. cxd5 cxd5 19. Rh3 Nxg6 20. hxg6 Qxg6
21. Rg3 Qf7 22. O-O-O g6 23. Rh1 Kg7 24. Qh5 Rg8 25. Qh6+ Kf6 26. Qg5+ Ke5 27.
Nb5 Ba6 28. f4+ Ke4 29. Nd6+ 1-0

[Event "XII Weekend B"]
[Site "Ceriano Laghetto ITA"]
[Date "2003.02.02"]
[Round "5"]
[White "Bertrecchi, Corrado"]
[Black "Versari, Marino"]
[Result "0-1"]
[WhiteElo "1416"]
[BlackElo "1530"]
[PlyCount "108"]
[EventDate "2003.01.25"]

1. c4 e5 2. g3 Nf6 3. Bg2 c6 4. b3 d5 5. cxd5 cxd5 6. Bb2 Nc6 7. e3 Be6 8. Ne2
Rc8 9. Nbc3 a6 10. d4 e4 11. O-O Nd7 12. Nf4 Nf6 13. Nxe6 fxe6 14. Ne2 Bd6 15.
Bh3 Qe7 16. Qc1 O-O 17. Qd1 Nb4 18. Ba3 Nd3 19. Bxd6 Qxd6 20. Nf4 Nxf4 21. exf4
Rc3 22. Rc1 Rfc8 23. Qd2 R3c6 24. Rxc6 Qxc6 25. Re1 Rc7 26. f3 Kf7 27. Kg2 Qc2
28. Re2 exf3+ 29. Kxf3 Rc3+ 30. Kg2 Qxd2 31. Rxd2 Ne4 32. Re2 b5 33. f5 exf5
34. Bxf5 Nf6 35. Be6+ Kg6 36. Rf2 Kh6 37. h4 Rd3 38. g4 Ne4 39. g5+ Kh5 40. Rf3
Rxd4 41. Bf7+ Kxh4 42. Rh3+ Kxg5 43. Rxh7 Rd2+ 44. Kf3 Rf2+ 45. Ke3 Rxf7 46.
Kd4 Rd7 47. a4 bxa4 48. bxa4 Kf6 49. a5 Ke6 50. Rh8 g5 51. Rh6+ Nf6 52. Rg6 Kf5
53. Rh6 g4 54. Rh1 g3 0-1

[Event "XII Weekend B"]
[Site "Ceriano Laghetto ITA"]
[Date "2003.02.02"]
[Round "5"]
[White "Boffi, Luigi"]
[Black "Schingaro, Angelo"]
[Result "0-1"]
[WhiteElo "1368"]
[BlackElo "1645"]
[PlyCount "104"]
[EventDate "2003.01.25"]

1. e4 c6 2. b3 d5 3. exd5 cxd5 4. Nf3 Nf6 5. Bb2 e6 6. Be2 Be7 7. O-O O-O 8. d3
Nc6 9. Nc3 b6 10. Re1 Ba6 11. Bf1 Qc7 12. Ne2 Rac8 13. a3 Rfd8 14. Ng3 h6 15.
Rc1 Rd7 16. Qe2 Qd8 17. h3 Bb7 18. d4 a5 19. c3 Ra8 20. Qd2 Ba6 21. Bxa6 Rxa6
22. Qd3 Ra8 23. Rc2 Rc7 24. Rec1 Qf8 25. b4 Rac8 26. Nd2 Qd8 27. b5 Nb8 28. c4
dxc4 29. Nxc4 Nd5 30. Ne3 Bg5 31. Rxc7 Rxc7 32. Rxc7 Qxc7 33. Nxd5 exd5 34. Qc3
Qxc3 35. Bxc3 Nd7 36. Nf5 Kf8 37. g3 g6 38. Ne3 Nf6 39. f4 Ne4 40. Nxd5 Nxc3
41. Nxc3 Bf6 42. Ne2 Ke7 43. Kg2 Ke6 44. Kf3 Kd5 45. Ke3 Kc4 46. a4 Bg7 47. g4
Kb4 48. f5 Kxa4 49. fxg6 fxg6 50. Nf4 Kxb5 51. d5 a4 52. Kd3 a3 0-1

[Event "XII Weekend B"]
[Site "Ceriano Laghetto ITA"]
[Date "2003.02.02"]
[Round "5"]
[White "Brioschi, Camillo"]
[Black "Greco, Umberto"]
[Result "0-1"]
[WhiteElo "1714"]
[BlackElo "1536"]
[PlyCount "98"]
[EventDate "2003.01.25"]

1. d4 Nf6 2. c4 g6 3. Nc3 Bg7 4. e4 d6 5. Nf3 O-O 6. Be2 Nbd7 7. O-O c5 8. d5
a6 9. a4 Re8 10. h3 Rb8 11. Be3 Qb6 12. Qc2 Qc7 13. Nd2 Nf8 14. f4 Bd7 15. f5
b6 16. g4 Bc8 17. Nf3 N6d7 18. Qd2 Ne5 19. Nxe5 Bxe5 20. Bd3 Bh8 21. Qf2 f6 22.
Ne2 Nd7 23. Nf4 Ne5 24. Be2 Bd7 25. Ne6 Bxe6 26. fxe6 g5 27. h4 h6 28. hxg5
hxg5 29. Bxg5 fxg5 30. Qf5 Bf6 31. Kg2 Kg7 32. Rh1 Rh8 33. Rh5 Rxh5 34. gxh5
Rh8 35. Rh1 Rh6 36. Kf2 Qd8 37. Ke3 Qe8 38. b3 Qh8 39. Kf2 Qh7 40. Kg3 Qxf5 41.
exf5 Rh8 42. Rb1 a5 43. Rg1 Kh6 44. Rh1 Rg8 45. Kg2 g4 46. Kg3 Rg5 47. Kf4 Rxh5
48. Rg1 Bg5+ 49. Ke4 Rh3 0-1

[Event "XII Weekend B"]
[Site "Ceriano Laghetto ITA"]
[Date "2003.02.02"]
[Round "5"]
[White "Cartella, Giovanni"]
[Black "Virzi, Ettore"]
[Result "1-0"]
[WhiteElo "1728"]
[BlackElo "1675"]
[PlyCount "70"]
[EventDate "2003.01.25"]

1. d4 d5 2. Nf3 Nf6 3. Bg5 c5 4. e3 Nc6 5. c3 Bf5 6. Qb3 Qb6 7. Bb5 Ne4 8. Bf4
c4 9. Bxc6+ Qxc6 10. Qd1 g5 11. Be5 f6 12. Bg3 h5 13. h4 Nxg3 14. fxg3 g4 15.
Nfd2 Bd3 16. Nf1 Bh6 17. Nbd2 Qe6 18. Qa4+ Kf7 19. O-O-O b5 20. Qa3 Rhb8 21.
Re1 f5 22. Kd1 Rb6 23. b4 Ra6 24. Qb2 Ra4 25. Nb1 Qa6 26. a3 e6 27. Nfd2 Rc8
28. Rhf1 Bxf1 29. Rxf1 Qd6 30. e4 Qxg3 31. exd5 Qxg2 32. dxe6+ Ke7 33. Rxf5 Rf8
34. Qc2 Rxf5 35. Qxf5 Ra6 1-0

[Event "XII Weekend B"]
[Site "Ceriano Laghetto ITA"]
[Date "2003.02.02"]
[Round "5"]
[White "Casartelli, Fabio"]
[Black "Macchinizzi, Elio"]
[Result "0-1"]
[WhiteElo "1624"]
[BlackElo "1677"]
[PlyCount "46"]
[EventDate "2003.01.25"]

1. d4 Nf6 2. Nf3 g6 3. e3 Bg7 4. Nbd2 d6 5. Be2 O-O 6. O-O Nbd7 7. c4 e5 8. b4
e4 9. Ng5 Qe7 10. Ba3 a5 11. b5 Nb6 12. c5 Nbd5 13. cxd6 cxd6 14. Bc4 Nb4 15.
Bxb4 axb4 16. Qb3 h6 17. Nh3 Bxh3 18. gxh3 d5 19. Bxd5 Ra3 20. Qb1 Nxd5 21.
Nxe4 Re8 22. Nc5 Nxe3 23. Qxb4 Qg5+ 0-1

[Event "XII Weekend B"]
[Site "Ceriano Laghetto ITA"]
[Date "2003.02.02"]
[Round "5"]
[White "Corti, Filippo"]
[Black "Alessandro, Sergio"]
[Result "1-0"]
[WhiteElo "1552"]
[BlackElo "1467"]
[PlyCount "63"]
[EventDate "2003.01.25"]

1. Nf3 d5 2. g3 c5 3. Bg2 Nc6 4. d3 e5 5. O-O h6 6. Nbd2 Be6 7. e4 Nf6 8. c3
dxe4 9. dxe4 Qd3 10. Re1 Rd8 11. Re3 Qa6 12. Qc2 Be7 13. Bf1 c4 14. b3 Bc5 15.
Nxc4 Bxc4 16. Bxc4 b5 17. Bf1 Bxe3 18. Bxe3 O-O 19. a4 Qc8 20. axb5 Nd4 21.
Nxd4 exd4 22. Bd2 dxc3 23. Bxc3 Nxe4 24. Bc4 Nxc3 25. Qxc3 Qc5 26. Bxf7+ Rxf7
27. Qxc5 Rdd7 28. Qc4 Rd2 29. Rxa7 Rdxf2 30. Rxf7 Rxf7 31. b6 Kf8 32. Qxf7+ 1-0

[Event "XII Weekend B"]
[Site "Ceriano Laghetto ITA"]
[Date "2003.02.02"]
[Round "5"]
[White "Lampl, Gerald"]
[Black "Valsecchi, Luca"]
[Result "1-0"]
[WhiteElo "1455"]
[BlackElo "1449"]
[PlyCount "85"]
[EventDate "2003.01.25"]

1. b3 d6 2. Bb2 e5 3. e3 f5 4. d4 exd4 5. Qxd4 Nf6 6. Nf3 Nc6 7. Bb5 Bd7 8. Qd3
a6 9. Bxc6 bxc6 10. Nbd2 Be7 11. O-O O-O 12. Nc4 c5 13. Ncd2 a5 14. a4 Bc8 15.
Rfe1 Bd7 16. Rad1 Rb8 17. Nf1 Kh8 18. Ng3 Ng4 19. h3 Bf6 20. Bc3 Ne5 21. Nxe5
dxe5 22. Qxd7 g6 23. Qxd8 Rbxd8 24. Bxa5 Rf7 25. Rxd8+ Bxd8 26. Rd1 Bf6 27. Ne2
c6 28. Bd8 Bxd8 29. Rxd8+ Kg7 30. a5 Ra7 31. Rc8 Rxa5 32. Rxc6 Ra1+ 33. Kh2 Ra5
34. Nc3 e4 35. Na4 c4 36. Rxc4 Rd5 37. Rd4 Rb5 38. Nc3 Rb7 39. f3 Rc7 40. Rc4
Rd7 41. fxe4 fxe4 42. Nxe4 Re7 43. b4 1-0

[Event "XII Weekend B"]
[Site "Ceriano Laghetto ITA"]
[Date "2003.02.02"]
[Round "5"]
[White "Libutti, Michele"]
[Black "Bellotto, Stefano"]
[Result "0-1"]
[WhiteElo "1612"]
[BlackElo "1740"]
[PlyCount "62"]
[EventDate "2003.01.25"]

1. d4 Nf6 2. c4 c6 3. Nc3 d5 4. Nf3 a6 5. e3 b5 6. c5 Bg4 7. Be2 Nbd7 8. Bd2
Bxf3 9. Bxf3 e5 10. O-O Be7 11. b4 O-O 12. Be2 Re8 13. f4 exd4 14. exd4 Ne4 15.
Bd3 Bf6 16. Ne2 Qe7 17. f5 Nxd2 18. Qxd2 Qe3+ 19. Qxe3 Rxe3 20. Rad1 Rae8 21.
Rfe1 Bxd4 22. Kf1 Bf6 23. Nf4 Rxe1+ 24. Rxe1 Rxe1+ 25. Kxe1 Bc3+ 26. Kd1 Bxb4
27. a4 bxa4 28. Bxa6 Nxc5 29. Be2 Nb3 30. Ba6 a3 31. Kc2 a2 0-1

[Event "XII Weekend B"]
[Site "Ceriano Laghetto ITA"]
[Date "2003.02.02"]
[Round "5"]
[White "Loi, Alberto"]
[Black "Conta, Diego"]
[Result "0-1"]
[WhiteElo "1480"]
[BlackElo "1474"]
[PlyCount "102"]
[EventDate "2003.01.25"]

1. e4 d6 2. Nc3 g6 3. b3 Bg7 4. Bb2 e5 5. Bc4 Nf6 6. Nf3 c6 7. Ne2 b5 8. Bd3
Nbd7 9. Ng3 Bb7 10. Qe2 a6 11. a4 Nc5 12. O-O O-O 13. Ba3 Nxd3 14. Qxd3 c5 15.
c4 b4 16. Bb2 Qc7 17. Rfe1 Kh8 18. Qc2 Rac8 19. d3 Nd7 20. Rad1 a5 21. Nf1 f5
22. Ng5 Rce8 23. Re3 f4 24. Rf3 h6 25. Rh3 Qd8 26. Nf3 g5 27. g4 Bc8 28. Ne1
Nf6 29. f3 Kg8 30. Qg2 Qd7 31. Rd2 h5 32. Kf2 hxg4 33. fxg4 Nxg4+ 34. Ke2 Nf6
35. Rf3 g4 36. Rf2 f3+ 37. Nxf3 gxf3+ 38. Rxf3 Nh5 39. Ne3 Nf4+ 40. Rxf4 Rxf4
41. h3 Qf7 42. Nf5 Bxf5 43. exf5 Rxf5 44. Kd1 Rf8 45. Qc6 Qh5+ 46. Kc2 R8f6 47.
Qa8+ Kh7 48. Qxa5 Rf2 49. Qa8 Rxd2+ 50. Kxd2 Rf2+ 51. Kc1 Rf1+ 0-1

[Event "XII Weekend B"]
[Site "Ceriano Laghetto ITA"]
[Date "2003.02.02"]
[Round "5"]
[White "Mason, Giovanni"]
[Black "Saccani, Ettore"]
[Result "1-0"]
[WhiteElo "1561"]
[BlackElo "1672"]
[PlyCount "103"]
[EventDate "2003.01.25"]

1. e4 e6 2. d4 d5 3. e5 b6 4. f4 Ba6 5. Nf3 Bxf1 6. Rxf1 c5 7. c3 Qd7 8. Be3 c4
9. b3 Ne7 10. bxc4 dxc4 11. a4 Nd5 12. Bd2 Nc6 13. Rf2 Na5 14. Bc1 Be7 15. g3
Nb3 16. Raa2 Qb7 17. Kf1 h5 18. h4 a5 19. Kg1 Rd8 20. Qe1 Rh6 21. Ba3 Rg6 22.
Kh2 Rg4 23. Bxe7 Nxe7 24. Ng5 Nf5 25. Qe4 Qd7 26. Rg2 Nc1 27. Rab2 Qc7 28. Na3
Nd3 29. Nb5 Qd7 30. Rb1 Nxg3 31. Rxg3 Rxh4+ 32. Nh3 Nf2 33. Qh7 Ng4+ 34. Rxg4
Rxg4 35. Rg1 Rxg1 36. Kxg1 Qc6 37. Ng5 Ke7 38. Qxg7 Rf8 39. Qh7 Qe8 40. Qg7 Rg8
41. Qf6+ Kd7 42. Kf2 Kc6 43. Nd6 Qd7 44. Nde4 Kd5 45. Qh6 Qxa4 46. Qxh5 Qc2+
47. Qe2 Qxe2+ 48. Kxe2 Rf8 49. Kd2 b5 50. Nf6+ Kc6 51. Nge4 Rh8 52. Nd6 {...}
1-0

[Event "XII Weekend B"]
[Site "Ceriano Laghetto ITA"]
[Date "2003.02.02"]
[Round "5"]
[White "Molteni, Costantino"]
[Black "Regorda, Vittorio"]
[Result "1-0"]
[WhiteElo "1573"]
[BlackElo "1651"]
[PlyCount "73"]
[EventDate "2003.01.25"]

1. Nf3 d5 2. c4 c6 3. d4 Nf6 4. e3 Nbd7 5. Nc3 e6 6. Qc2 Be7 7. b3 b6 8. Bb2
Bb7 9. Bd3 O-O 10. O-O Re8 11. Rfe1 Bd6 12. e4 dxe4 13. Nxe4 Nxe4 14. Bxe4 Nf6
15. Bd3 h6 16. Ne5 Rc8 17. c5 Bb8 18. Rad1 Nd5 19. Qe2 Qf6 20. Ng4 Qe7 21. Qf3
Rcd8 22. Bc1 h5 23. Qh3 g6 24. Ne5 bxc5 25. Nxg6 fxg6 26. Bxg6 Rf8 27. Rxe6 Qd7
28. Bf5 Rxf5 29. Qxf5 Qf7 30. Rg6+ Kf8 31. Bh6+ Ke8 32. Re1+ Ne7 33. Rxe7+ Kxe7
34. Bg5+ Ke8 35. Re6+ Kf8 36. Bh6+ Kg8 37. Rg6+ 1-0

[Event "XII Weekend B"]
[Site "Ceriano Laghetto ITA"]
[Date "2003.02.02"]
[Round "5"]
[White "Negri, Sergio"]
[Black "Cardani, Roberto"]
[Result "0-1"]
[WhiteElo "1531"]
[BlackElo "1788"]
[PlyCount "73"]
[EventDate "2003.01.25"]

1. d4 Nf6 2. Bf4 g6 3. Nc3 d5 4. Nf3 Bg7 5. e3 O-O 6. Be2 c5 7. dxc5 Qa5 8. O-O
Qxc5 9. Ne5 Bd7 10. Bf3 Bc6 11. Nd3 Qb6 12. Rb1 Ne4 13. Ne2 Nd7 14. c3 e5 15.
Nb4 exf4 16. Nxf4 Ndf6 17. Nfxd5 Qc5 18. Nxc6 bxc6 19. Nb4 Rad8 20. Nd3 Qd6 21.
Be2 c5 22. Qc2 Rd7 23. Rbd1 Rfd8 24. f3 Ng5 25. e4 c4 26. Nb4 Qc5+ 27. Kh1 a5
28. Na6 Qc6 29. Rxd7 Nxd7 30. Qd2 Ne6 31. f4 Qxa6 32. f5 Ne5 33. Qe3 Nf8 34.
fxg6 hxg6 35. Qf4 Ne6 36. Qh4 Qd6 37. Rd1 0-1

[Event "XII Weekend B"]
[Site "Ceriano Laghetto ITA"]
[Date "2003.02.02"]
[Round "5"]
[White "Noseda, Francesco"]
[Black "Donadi, Luca"]
[Result "1-0"]
[WhiteElo "1786"]
[BlackElo "1657"]
[PlyCount "61"]
[EventDate "2003.01.25"]

1. e4 e5 2. Nf3 Nc6 3. Bb5 d6 4. d4 exd4 5. Nxd4 Bd7 6. O-O Nxd4 7. Bxd7+ Qxd7
8. Qxd4 Nf6 9. Nc3 Be7 10. Rd1 Qd8 11. e5 Nd7 12. exd6 Bf6 13. Qe4+ Kf8 14.
dxc7 Qxc7 15. Bf4 Qc8 16. Nd5 Qc6 17. Nxf6 Nxf6 18. Qxc6 bxc6 19. c4 h6 20. Rd6
Rc8 21. Rad1 Ke7 22. Be5 Rhd8 23. Bxf6+ gxf6 24. Rxd8 Rxd8 25. Rxd8 Kxd8 26.
Kf1 Kd7 27. Ke2 Kd6 28. b4 a6 29. a4 f5 30. Ke3 Ke5 31. b5 1-0

[Event "XII Weekend B"]
[Site "Ceriano Laghetto ITA"]
[Date "2003.02.02"]
[Round "5"]
[White "Olivo, Mario"]
[Black "Della Rocca, Luigi"]
[Result "1-0"]
[WhiteElo "1789"]
[BlackElo "1687"]
[PlyCount "60"]
[EventDate "2003.01.25"]

1. d4 Nf6 2. c4 g6 3. Nc3 d5 4. Nf3 Bg7 5. Qb3 c6 6. Bf4 O-O 7. e3 e6 8. Be2
Nbd7 9. Bd6 Re8 10. c5 Ng4 11. h3 Nh6 12. g4 Kh8 13. O-O-O b6 14. e4 bxc5 15.
dxc5 Qa5 16. g5 Ng8 17. Na4 Ba6 18. Bxa6 Qxa6 19. Rhe1 Ne7 20. exd5 cxd5 21.
Bxe7 Rxe7 22. Rxd5 Rc8 23. Kb1 Qa5 24. c6 Qxe1+ 25. Nxe1 exd5 26. Qb4 Re4 27.
cxd7 Rd8 28. Qd2 Rxa4 29. Qc2 Rc4 30. Qe2 Rc7 1-0

[Event "XII Weekend B"]
[Site "Ceriano Laghetto ITA"]
[Date "2003.02.02"]
[Round "5"]
[White "Pedetti, Roberto"]
[Black "Rinaldo, Andrea"]
[Result "1-0"]
[WhiteElo "1600"]
[BlackElo "1494"]
[PlyCount "42"]
[EventDate "2003.01.25"]

1. c4 e5 2. Nc3 Nf6 3. Nf3 Nc6 4. g3 g6 5. Bg2 Bg7 6. O-O O-O 7. d3 d6 8. Rb1
Rb8 9. b4 Nd4 10. Nd2 Bd7 11. e3 Ne6 12. b5 a6 13. a4 Re8 14. Ba3 Nf8 15. h3
Be6 16. Nd5 Qd7 17. Nxf6+ Bxf6 18. bxa6 bxa6 19. h4 Bh3 20. Bxh3 Qxh3 21. Qf3
Qd7 1-0

[Event "XII Weekend B"]
[Site "Ceriano Laghetto ITA"]
[Date "2003.02.02"]
[Round "5"]
[White "Pepa, Syrja"]
[Black "Romano', Fabio"]
[Result "1/2-1/2"]
[WhiteElo "1729"]
[BlackElo "1792"]
[PlyCount "29"]
[EventDate "2003.01.25"]

1. e4 e6 2. d4 d5 3. Nc3 Bb4 4. e5 c5 5. a3 Bxc3+ 6. bxc3 Ne7 7. f4 Nbc6 8. Nf3
Qa5 9. Bd2 c4 10. Be2 Bd7 11. O-O h6 12. Kh1 O-O-O 13. Qc1 Qa4 14. Qb2 Kc7 15.
Rab1 1/2-1/2

[Event "XII Weekend B"]
[Site "Ceriano Laghetto ITA"]
[Date "2003.02.02"]
[Round "5"]
[White "Piazza, Angelo"]
[Black "D'Apa, Matteo"]
[Result "1-0"]
[WhiteElo "1701"]
[BlackElo "1666"]
[PlyCount "91"]
[EventDate "2003.01.25"]

1. Nf3 d5 2. b3 c5 3. e3 Nf6 4. Bb2 Bg4 5. Be2 e6 6. d4 Nbd7 7. Nbd2 Bd6 8. c4
O-O 9. cxd5 Nxd5 10. Nc4 Be7 11. O-O cxd4 12. Qxd4 N7f6 13. Nce5 Bh5 14. Qh4
Bxf3 15. Bxf3 Nd7 16. Qh3 Nxe5 17. Bxe5 Bf6 18. Bxf6 Qxf6 19. Bxd5 exd5 20. Qd7
Qc6 21. Qxc6 bxc6 22. Rac1 Rac8 23. Rc5 Rc7 24. Rfc1 Rfc8 25. b4 a6 26. a3 Kf8
27. Ra5 Ke7 28. Rxa6 c5 29. bxc5 Rxc5 30. Rxc5 Rxc5 31. Kf1 Rc2 32. Ra7+ Ke6
33. g3 g5 34. Ra6+ Ke7 35. g4 Ra2 36. Kg2 Kd7 37. a4 Ke7 38. a5 Kf8 39. Ra8+
Kg7 40. a6 Kf6 41. a7 h6 42. Kf3 Ke7 43. Kg2 Kf6 44. Kf1 Ke7 45. Ke1 Kd7 46.
Rf8 1-0

[Event "XII Weekend B"]
[Site "Ceriano Laghetto ITA"]
[Date "2003.02.02"]
[Round "5"]
[White "Pino, Nicola"]
[Black "Ronconi, Fausto"]
[Result "1-0"]
[WhiteElo "1705"]
[BlackElo "1600"]
[PlyCount "42"]
[EventDate "2003.01.25"]

1. e4 e6 2. d4 d5 3. Nd2 dxe4 4. Nxe4 Nf6 5. Nxf6+ Qxf6 6. Nf3 Qd8 7. Bd3 c5 8.
O-O Be7 9. Be3 O-O 10. dxc5 Qc7 11. b4 Nc6 12. a3 e5 13. h3 h6 14. Qc1 Bf6 15.
c3 g5 16. Bb1 Bg7 17. Bxg5 hxg5 18. Qxg5 Qe7 19. Qh5 e4 20. Ng5 Bf5 21. Ba2 Bg6
1-0